000 00667nam a2200217Ia 4500
005 20250508153155.0
008 008 250505s9999 xx 000 0 eng d
037 _aTextual
040 _aFEDL
_beng
_cFEDL
041 _aeng
_2eng
084 _a132.075, TAL
_qFEDL
100 _aTallent Norman
245 0 _aClinical psychological consultation: A rationale and guide to team practice
260 _aEnglewood Cliffs, New Jersey, USA
_bPrentice - Hall
_c1963
300 _axviii,298p
365 _aINR
_b36.5
490 _aPrentice - Hall psychology series
650 _aPhilosophy
942 _cTEXL
_h132.075, TAL
999 _c1341044
_d1341044